000 00432nam a2200181Ia 4500
008 180207s9999 xx 000 0 und d
050 _bB666 2013
100 _aBodden, Valerie
245 _aGiraffes /
245 _cby Valerie Bodden.
260 _aFlorida :
260 _bCreative Education,
260 _c2013
300 _a24 pages :
300 _bcolor illustration ;
300 _c21cm.
440 _aAmazing animals.
999 _c355746
_d355746